000
00311nam a2200133Ia 4500
008
191201s2011 xx 000 0 und d
100
_a
DAVIS,Gordon B
245
0
_a
Management Information System
250
_a
Rep
260
_a
N. delhi
_b
TMH
_c
2011
300
_a
693
650
_a
M.Tech (ME)
942
_2
ddc
_c
BK
999
_c
5235
_d
5235